00365 a2200121 450000500170000002000180001710000170003524500720005225000120012426000490013630000380018570000200022320250603092453.0 a81-219-2948-2 aTULSIAN, P.C aBusiness Statistics: A Self Study Textbook for Professional Courses a2nd Ed. aNew DelhibS. CHAND & COMPANY PVT. LTDc2014 axvii, ill; tables.bNotes,c24 cm aJHUNJHNUWALA, B